| 000 | 00511nam a22001817a 4500 | ||
|---|---|---|---|
| 003 | CEME | ||
| 005 | 20210628201736.0 | ||
| 008 | 210204b xxu||||| |||| 00| 0 eng d | ||
| 020 | _a1-58053-892-4 | ||
| 040 | _c. | ||
| 082 | _a621.381325 VIRV | ||
| 100 |
_aVirdee, Bal S ,Virdee, Avtar S ,Banyamin, Ben Y _956618 |
||
| 245 | _aBroadband microwave amplifiers | ||
| 260 |
_aBOSTON _bARTECH HOUSE _c2004 |
||
| 300 | _aXV,229P | ||
| 650 |
_aBROADBAND MICROWAVE AMPLIFIERS.TWDA.CSSDA. _956619 |
||
| 942 |
_cBK _2ddc |
||
| 999 |
_c566994 _d566994 |
||